KOHA-Header-6

Organic Chemistry (Record no. 5827)

000 -LEADER
fixed length control field 00233nam a2200109Ia 4500
020 ## - INTERNATIONAL STANDARD BOOK NUMBER
ISBN 978-0070099197
100 ## - MAIN ENTRY--AUTHOR NAME
Personal name Robert C. Atkins
245 #0 - TITLE STATEMENT
Title Organic Chemistry
260 ## - PUBLICATION, DISTRIBUTION, ETC. (IMPRINT)
Place of publication Karachi
Name of publisher Abrar Sons
Year of publication 2000
300 ## - PHYSICAL DESCRIPTION
Number of Pages 495
942 ## - ADDED ENTRY ELEMENTS (KOHA)
Koha item type Books
Holdings
Withdrawn status Lost status Collection code Permanent Location Current Location Shelving location Date acquired Full call number Accession Number Koha item type
    Bio Sciences MAJU MAJU Shelf No.A37 2019-09-05 547 9236 Bio Science

Powered by Koha